00618nam a2200217 i 4500001000700000003000900007007000300016008004100019080001800060080001500078100002000093245008500113260003200198300002200230490001400252500002900266610003300295650002500328830001400353852003300367106087ES-MaACLt|060925s1968 fr ||||1| fre d a329(44)P.C.F. a330.85(44)1 aKriegel, Annie.14aLes communistes français b: essai d'ethnographie politique / cAnnie Kriegel. a[Paris] : bSeuil, c[1968] a318 p. ; c18 cm.1 aPolitique aBiblioteca Juan Andrade.27aParti communiste français.14aComunismo-zFrancia.0 aPolitique aES-MaACLjAND-813 bR.110105